000
00260nam a2200133Ia 4500
100
_a
Catalogue/ Guide
942
_c
BK
654
_a
Steelway
245
_a
Steelway
260
_b
Queens Gate Work
082
_a
624.1
_b
Sta
546
_a
ENGLISH
999
_c
18104
_d
18104